Problémové oblasti automatizovaného projektovania a programovania dizertačná práca

Gespeichert in:
Bibliographische Detailangaben
1. Verfasser: Blahušiak, Martin
Körperschaft: Fakulta hospodárskej informatiky EU. Katedra aplikovanej informatiky
Weitere Verfasser: Kristová, Gabriela
Format: Buch
Sprache:Slowakisch
Veröffentlicht: Bratislava 2010
Schlagworte:
Tags: Tag hinzufügen
Keine Tags, Fügen Sie das erste Tag hinzu!

MARC

LEADER 00000nam$a2200000$$$4500
001 0113726
005 20240502072250.5
041 0 |a slo 
044 |a SK 
245 1 0 |a Problémové oblasti automatizovaného projektovania a programovania  |b dizertačná práca  |c Martin Blahušiak ; škol. Gabriela Kristová 
264 1 |a Bratislava  |c 2010 
300 |a 169 s. 
610 2 0 |a systémy automatické 
610 2 0 |a systémy informačné 
610 2 0 |a projektovanie 
100 1 |a Blahušiak, Martin 
700 1 |a Kristová, Gabriela 
710 2 |a Fakulta hospodárskej informatiky EU. Katedra aplikovanej informatiky